000 00876nam1a2200241 4500
001 RU\NLR\BIBL_A\012490031
005 20210330115142.0
035 _a(NLR Aleph) 012490031
090 _a12174320
_c12174320
100 _a20210330g19751977m y0rusy50 ca
101 1 _alez
_cava
102 _aRU
105 _ac z 000ay
200 1 _aЗи Дагъустан
_fРасул Гьамзатов
_g[авар чIалай пер. авурди М. Гьажиев]
210 _aМахачкала
_cДаг. кн. изд-во
_d1975-1977
215 _d15
541 1 _aМой Дагестан
_zrus
686 1 _aШ6(2=Лез)-91Ав-4
700 1 _aГамзатов
_bР. Г.
_f1923-2003
_gРасул Гамзатович
_3RU\NLR\AUTH\7731147
_4070
852 _aNLR
_bОНЛ
_jЛезг./1-217
942 _cBOOK
980 _aNB